Library Banner

Principles of virology / (Record no. 91547)

MARC details
000 -LEADER
fixed length control field 00869cam a2200265 i 4500
001 - CONTROL NUMBER
control field 18700631
005 - DATE AND TIME OF LATEST TRANSACTION
control field 20170309094303.0
008 - FIXED-LENGTH DATA ELEMENTS--GENERAL INFORMATION
fixed length control field 150707t20152015dcu b 001 0 eng c
020 ## - INTERNATIONAL STANDARD BOOK NUMBER
International Standard Book Number 9781555819330 (v. 1 pbk.)
020 ## - INTERNATIONAL STANDARD BOOK NUMBER
International Standard Book Number 9781555819347 (v. 2 pbk.)
020 ## - INTERNATIONAL STANDARD BOOK NUMBER
International Standard Book Number 9781555819514 (set pbk.)
040 ## - CATALOGING SOURCE
Transcribing agency PK-LaUMT
082 00 - DEWEY DECIMAL CLASSIFICATION NUMBER
Classification number 616.9101
Edition number 23
Item number PRI-
245 10 - TITLE STATEMENT
Title Principles of virology /
Statement of responsibility, etc Jane Flint, Vincent R. Racaniello, Glenn F. Rall, Anna Marie Skalka,and with Lynn W. Enquist
250 ## - EDITION STATEMENT
Edition statement 4th ed.
260 ## - PUBLICATION, DISTRIBUTION, ETC. (IMPRINT)
Place of publication, distribution, etc Washington :
Name of publisher, distributor, etc ASM Press,
Date of publication, distribution, etc 2015
300 ## - PHYSICAL DESCRIPTION
Extent 2 vols. :
Other physical details color illustrations ;
Dimensions 28 cm
500 ## - GENERAL NOTE
General note Revision of: Principles of virology / S.J. Flint ... [et al.]. 3rd ed.
650 #0 - SUBJECT ADDED ENTRY--TOPICAL TERM
Topical term or geographic name as entry element Virology.
700 1# - ADDED ENTRY--PERSONAL NAME
Personal name Racaniello, V. R.
700 1# - ADDED ENTRY--PERSONAL NAME
Personal name Rall, Glenn F.,
700 1# - ADDED ENTRY--PERSONAL NAME
Personal name Skalka, Anna M.,
700 1# - ADDED ENTRY--PERSONAL NAME
Personal name Enquist, L. W.
942 ## - ADDED ENTRY ELEMENTS (KOHA)
Koha item type Books
Holdings
Withdrawn status Lost status Damaged status Home library Current library Date acquired Full call number Barcode Date last seen Copy number Price effective from Koha item type
      UMT Main Campus UMT Main Campus 2017-03-09 616.9101 PRI- 106258 2017-03-09 Vol.2 2017-03-09 Books
      UMT Main Campus UMT Main Campus 2017-03-09 616.9101 PRI- 106257 2022-01-31 Vol.1 2017-03-09 Books